00499nam a2200145Ia 4500008004100000041000800041082001200049100001400061245004500075260003400120300003400154365001100188999001700199952013700216240624s9999 xx 000 0 und d aeng a954 KEA aKEAY JOHN aINDIA A HISTORY FROM THE EARLIEST CIVILI c2010aNew DelhibHarper Press axxviii, : 658 : p. : cm. ; 20 cRSb25 c18577d18577 00104070aIMTNbIMTNcRack 41-Bd2012-05-02eIBHg599.00l3m2o954 KEAp18577r2025-10-29 17:24:35s2025-10-16t1w2024-06-24yBK